00754nam a22002417a 4500003000500000005001700005008004100022010001000063011001000073035001000083040000900093082001400102100001800116245006800134260010900202300002200311490003400333650005800367650001900425700001700444700001700461830003400478CHAP20220817042643.0971013s1978 r 00010 d a51154 a52126 a56276 cCHAP a526.8bW300aWalker, P. A. aComputer programs for the nelligen geographic processing system aCamberra :bCommonwelth Scientific an Industrial Research Organization. Division of Land Research,c1978 a71 p.b; gráfs. aTechnical memorandumv; 78/1414aProcesamiento automático de datos en cartografía.14aSuelosxMapas.0 aDavis, J. R.0 aSmith, D. J.0 aTechnical memorandumv; 78/14